[Event "TUR-ch"]
[Site "Kemer"]
[Date "2011.02.13"]
[Round "10"]
[White "Olcum, Berk"]
[Black "Yaver, Faik Emre"]
[Result "1-0"]
[WhiteElo "1844"]
[BlackElo "1627"]
[PlyCount "57"]
[EventDate "2011.02.05"]
[EventType "swiss"]
[EventRounds "10"]
[EventCountry "TUR"]
[SourceTitle "CBM 140 Extra"]
[Source "ChessBase"]
[SourceDate "2011.03.01"]
[SourceVersion "1"]
[SourceVersionDate "2011.03.01"]
[SourceQuality "1"]

1. e4 e5 2. Nf3 Nc6 3. Bb5 a6 4. Ba4 Nf6 5. 0-0 Nxe4 6. d4 b5 7. Bb3 d5 8. dxe5 Be6 9. Nbd2 Nc5 10. c3 d4 11. cxd4 Nxd4 12. Bxe6 Ncxe6 13. Ne4 Nxf3+ 14. Qxf3 Qd4 15. Nf6+ gxf6 16. Qxa8+ Ke7 17. exf6+ Qxf6 18. Qxa6 Qf5 19. Bd2 Rg8 20. Bb4+ Kf6 21. Bc3+ Ke7 22. Qc6 f6 23. Rfe1 Kf7 24. Re3 Ng5 25. Qxc7+ Kg6 26. Qd8 Kg7 27. Rd1 Kg6 28. Rg3 h5 29. h4 1-0

[Event "TUR-ch"]
[Site "Kemer"]
[Date "2011.02.12"]
[Round "9"]
[White "Arat, Ufuk Sezen"]
[Black "Olcum, Berk"]
[Result "1-0"]
[WhiteElo "2028"]
[BlackElo "1844"]
[PlyCount "37"]
[EventDate "2011.02.05"]
[EventType "swiss"]
[EventRounds "10"]
[EventCountry "TUR"]
[SourceTitle "CBM 140 Extra"]
[Source "ChessBase"]
[SourceDate "2011.03.01"]
[SourceVersion "1"]
[SourceVersionDate "2011.03.01"]
[SourceQuality "1"]

1. e4 c5 2. Nc3 Nc6 3. g3 g6 4. Bg2 Bg7 5. d3 d6 6. Be3 e6 7. Qd2 Qa5 8. f4 Nge7 9. Nf3 Nd4 10. 0-0 Nec6 11. e5 Nf5 12. exd6 Nxd6 13. Qf2 c4 14. Bc5 Qc7 15. Rad1 Ne7 16. dxc4 Nxc4 17. Nb5 Qa5 18. Bb6 Qxb6 19. Qxb6 1-0

[Event "TUR-ch"]
[Site "Kemer"]
[Date "2011.02.06"]
[Round "3"]
[White "Okus, Melih"]
[Black "Olcum, Berk"]
[Result "1/2-1/2"]
[WhiteElo "1899"]
[BlackElo "1844"]
[PlyCount "90"]
[EventDate "2011.02.05"]
[EventType "swiss"]
[EventRounds "10"]
[EventCountry "TUR"]
[SourceTitle "CBM 140 Extra"]
[Source "ChessBase"]
[SourceDate "2011.03.01"]
[SourceVersion "1"]
[SourceVersionDate "2011.03.01"]
[SourceQuality "1"]

1. e4 c5 2. c3 Nf6 3. e5 Nd5 4. d4 cxd4 5. Nf3 e6 6. cxd4 d6 7. Bc4 Nc6 8. 0-0 Be7 9. Bd2 0-0 10. Nc3 Nxc3 11. Bxc3 b6 12. d5 Nxe5 13. Nxe5 dxe5 14. Bxe5 Bf6 15. Qd4 Bxe5 16. Qxe5 Qf6 17. Qc7 e5 18. d6 Bf5 19. Ba6 Rad8 20. Rfd1 Rd7 21. Qc6 Qg6 22. Bc8 Be4 23. Qxe4 Qxe4 24. Bxd7 Qb7 25. Bg4 g6 26. Rac1 Rd8 27. Rc7 Qa6 28. Bf3 Kf8 29. a3 b5 30. Rc6 Qa4 31. Rd5 b4 32. Rxe5 bxa3 33. bxa3 Qxa3 34. Rd5 Qa4 35. Rdc5 Qa1+ 36. Rc1 Qe5 37. Rd1 a5 38. g3 a4 39. Rd5 Qf6 40. Kg2 a3 41. Ra6 a2 42. Rxa2 Rxd6 43. Rad2 Rxd5 44. Rxd5 Qe6 45. h4 h5 1/2-1/2